| 000 | 00401nam a22001457a 4500 | ||
|---|---|---|---|
| 082 | _aT-11 | ||
| 100 |
_aGhazanfar Azam _948376 |
||
| 245 |
_aPerformance of Strip Footing on Two-Layer Soil Deposit with Void _cGhazanfar Azam |
||
| 260 |
_aRislapur _bMCE _c7-4-1997 |
||
| 300 |
_a140p.: _c40cm |
||
| 526 |
_a0 _b0 _c0 _dT_11 |
||
| 650 |
_aThesis _934811 |
||
| 700 |
_aMian C Wang _948377 |
||
| 942 |
_2ddc _cBK |
||
| 999 |
_c551347 _d551347 |
||